[Event "Pius Brinzeu Mem"]
[Site "Timisoara ROM"]
[Date "2006.03.19"]
[Round "2"]
[White "Todoran,I"]
[Black "Nanu,C"]
[Result "1/2-1/2"]
[WhiteElo "2169"]
[BlackElo "2436"]

1.e4 g6 2.d4 Bg7 3.Nc3 d6 4.Nf3 Nf6 5.Bc4 O-O 6.O-O Nc6 7.Be3 e5 8.dxe5 Nxe5
9.Nxe5 dxe5 10.Qxd8 Rxd8 11.Rad1 Bd7 12.f3 a6 13.Bg5 h6 14.Be3 Bc6 15.a3 Bf8
16.Rxd8 Rxd8 17.Rd1 Rxd1+ 18.Nxd1 Nd7 19.Nc3 Bc5 20.Bxc5 Nxc5 21.Kf2 Na4
22.Nd1 Kf8 23.b3 Nb6 24.Ne3 Ke7 25.Ng4 Nxc4 26.bxc4 Ba4 27.c3 Kd6 28.Nxh6 f6
29.Ng4 Bb3 30.Nxf6 Bxc4 31.Ke3 c5 32.Ng4 b5 33.Nf2 a5 34.Nd3 Bxd3 35.Kxd3 g5
36.g3 Ke6 37.Kc2 Kf6 38.Kd3 Kg6 39.Ke3 Kf6 40.Kd3 Kg6 41.Ke3 Kf6 42.h3 Ke6
43.Kd3 Kf6 44.Kd2 Kg6 45.Ke3 Kf6 46.h4 gxh4 47.gxh4 Kg6 48.f4 exf4+ 49.Kxf4 b4
50.cxb4 cxb4 51.axb4 a4 52.b5 a3 53.b6 a2 54.b7 a1=Q 55.b8=Q Qc1+ 56.Ke5 Qc5+
57.Ke6 Qc4+ 58.Ke5 Qc5+  1/2-1/2

[Event "Open"]
[Site "Bad Woerishofen GER"]
[Date "2006.03.21"]
[Round "5"]
[White "Pirrot,D"]
[Black "Kveinys,A"]
[Result "0-1"]
[WhiteElo "2408"]
[BlackElo "2517"]

1.e4 g6 2.d4 Bg7 3.Nc3 d6 4.f4 Nf6 5.Nf3 O-O 6.e5 dxe5 7.fxe5 Nd5 8.Bc4 Nb6
9.Bb3 Bg4 10.Be3 Nc6 11.a4 Na5 12.Ba2 c5 13.dxc5 Nbc4 14.Qe2 Nxe5 15.Rd1 Qc8
16.O-O Nac6 17.Qf2 Nxf3+ 18.gxf3 Be6 19.Bxe6 Qxe6 20.Nd5 Rad8 21.c4 Qf5 22.Qh4 Rd7
23.Qe4 Qxe4 24.fxe4 Rfd8 25.Rb1 e6 26.b4 f5 27.b5 Ne5 28.Bg5 Rf8 29.Ne7+ Kf7
30.c6 Rxe7 31.Bxe7 Kxe7 32.cxb7 Rb8 33.c5 Rxb7 34.a5 Nc4 35.a6 Rc7 36.b6 axb6
37.Rfc1 Bd4+ 38.Kh1 Rxc5 39.a7 Ra5 40.Rxc4 Bc5 41.exf5 exf5 42.Rxc5 bxc5
43.Rb7+ Ke6 44.Rxh7 Ra2 45.Rg7 Kd5 46.Rxg6 Rxa7 47.Rf6 Ke4 48.Kg2 Rc7 49.Kf2 c4
50.Ke2 c3 51.Kd1 c2+ 52.Kc1 f4 53.h4 Rc5 54.h5 Rxh5 55.Kxc2 Ke3 56.Re6+ Kf2
57.Kd3 f3 58.Ra6 Re5  0-1

[Event "ch-ARG s/f"]
[Site "Buenos Aires ARG"]
[Date "2006.03.22"]
[Round "2"]
[White "Real de Azua,E"]
[Black "Blit,J"]
[Result "0-1"]
[WhiteElo "2383"]
[BlackElo "2270"]

1.e4 d6 2.d4 g6 3.Nc3 Bg7 4.g3 c6 5.Bg2 Nd7 6.Nge2 e5 7.O-O Ne7 8.a4 O-O
9.a5 f5 10.exf5 Nxf5 11.d5 c5 12.Ne4 Nf6 13.Bg5 h6 14.Bxf6 Bxf6 15.Qd2 Rb8
16.b4 b6 17.axb6 axb6 18.Ra7 Rf7 19.Rxf7 Kxf7 20.f4 Kg7 21.bxc5 bxc5 22.Nxf6 Qxf6
23.Qa5 Rb7 24.Qa8 Rc7 25.Qb8 Qe7 26.fxe5 dxe5 27.Nc3 Nd6 28.Nb5 Nxb5 29.Qxb5 Bf5
30.Qb2 c4 31.Qc3 Qc5+ 32.Rf2 Qd4 33.Qxd4 exd4 34.Rd2 d3 35.d6 Rd7 36.cxd3 Rxd6
37.Bf1 c3 38.Rc2 Rc6 39.Kf2 Kf6 40.Ke3 Ke5 41.Bg2 Rc7 42.Be4 Bxe4 43.dxe4 g5
44.h3 h5 45.g4 hxg4 46.hxg4 Rh7 47.Kd3 Rh3+ 48.Kc4 Kxe4 49.Kb3 Kf4  0-1

[Event "TCh-AUT 2005-6"]
[Site "Austria AUT"]
[Date "2006.03.23"]
[Round "8"]
[White "Srienz,C"]
[Black "Kindermann,S"]
[Result "1-0"]
[WhiteElo "2233"]
[BlackElo "2535"]

1.e4 g6 2.d4 Bg7 3.Nc3 d6 4.Be3 a6 5.Qd2 Nd7 6.Nf3 b5 7.a4 b4 8.Ne2 Rb8 9.Ng3 c5
10.a5 Qc7 11.Be2 h5 12.Nh4 Ngf6 13.h3 cxd4 14.Qxd4 O-O 15.Qd2 Nc5 16.Bd3 Bb7
17.Bh6 Bxe4 18.Bxg7 Kxg7 19.Bxe4 Ncxe4 20.Nxe4 Nxe4 21.Qd3 Rb5 22.O-O d5
23.Nf3 e6 24.Nd2 Nxd2 25.Qxd2 Qe5 26.Rfe1 Qxb2 27.Rab1 Qa2 28.Rb3 Qxa5 29.Qd4+ Kh7
30.Rg3 Qb6 31.Qf6 Qd8 32.Qd4 Qb6 33.Qf6 Qd8 34.Qd4 Qe7 35.Re5 f5 36.Rge3 Rf6
37.g4 fxg4 38.hxg4 Qc5 39.Rxh5+ gxh5 40.Qxf6  1-0

[Event "TCh-AUT 2005-6"]
[Site "Austria AUT"]
[Date "2006.03.23"]
[Round "8"]
[White "Lehner,O"]
[Black "Stanec,N"]
[Result "1-0"]
[WhiteElo "2408"]
[BlackElo "2543"]

1.e4 g6 2.d4 Bg7 3.Nc3 d6 4.f4 c6 5.Nf3 Bg4 6.Be3 Qb6 7.Qd2 Qxb2 8.Rb1 Qa3
9.Rxb7 Nf6 10.e5 Nfd7 11.Rb3 Qa5 12.exd6 Bxf3 13.gxf3 O-O 14.dxe7 Re8 15.Ne4 Qc7
16.d5 cxd5 17.Qxd5 Nc6 18.Bb5 Ndb8 19.Bc5 a6 20.Qxf7+  1-0

[Event "22nd Spring Festival Open"]
[Site "Budapest HUN"]
[Date "2006.03.24"]
[Round "2"]
[White "Cabanna,D"]
[Black "Sebestyen,J"]
[Result "1-0"]
[WhiteElo "2125"]
[BlackElo "1827"]

1.e4 g6 2.d4 Bg7 3.Nc3 d6 4.Be3 e5 5.Bc4 Ne7 6.Nge2 Nbc6 7.d5 Nb8 8.Qd2 a6
9.a3 Nd7 10.h4 Nf6 11.f3 h5 12.O-O-O b5 13.Bb3 Bd7 14.Kb1 a5 15.a4 Qb8 16.axb5 Nc8
17.Ba4 Nb6 18.b3 Qd8 19.Nc1 Ng8 20.Nd3 f5 21.Nb2 Bf6 22.g3 Qe7 23.Nc4 Qd8
24.f4 Nxc4 25.bxc4 Ne7 26.c5 O-O 27.c6 Be8 28.fxe5 Bxe5 29.Bf4 Bf7 30.Bxe5 dxe5
31.d6 Nc8 32.dxc7 Qxc7 33.exf5 Qe7 34.Nd5 Qa3 35.f6 Bxd5 36.Qxd5+ Kh7 37.Qd7+  1-0

[Event "TCh-CZE Extraliga 2005-6"]
[Site "Czech Rep CZE"]
[Date "2006.03.25"]
[Round "10"]
[White "Blazkova,P"]
[Black "Cesal,J"]
[Result "0-1"]
[WhiteElo "2248"]
[BlackElo "2284"]

1.e4 g6 2.d4 Bg7 3.Nc3 d6 4.Be3 c6 5.Qd2 b5 6.Bd3 Nd7 7.a4 b4 8.Nce2 Rb8
9.Nf3 Ngf6 10.Bh6 O-O 11.h4 e5 12.Bxg7 Kxg7 13.h5 Qe7 14.Ng3 exd4 15.Qg5 Kh8
16.hxg6 fxg6 17.Nh4 Ne5 18.f4 Ng8 19.Qxe5+ dxe5 20.Nxg6+ Kg7 21.Nxe7 Nxe7
22.Nh5+ Kg6 23.fxe5 Be6 24.g3 Bg8 25.Nf4+ Kg7 26.O-O-O Ng6 27.Nxg6 hxg6 28.Rdf1 c5
29.Bb5 b3 30.Rf4 bxc2 31.Kxc2 Rb6 32.Rhf1 Rfb8 33.Rf6 a6 34.Rxb6 Rxb6 35.Bd7 Bb3+
36.Kd2 Bc4 37.Rb1 Ba2 38.Rc1 Rxb2+ 39.Rc2 Rxc2+ 40.Kxc2 Kf7 41.a5 Be6 42.Bc6 Ke7  0-1

[Event "22nd Spring Festival Open"]
[Site "Budapest HUN"]
[Date "2006.03.27"]
[Round "5"]
[White "Revesz,Z"]
[Black "Izso,I"]
[Result "1-0"]
[WhiteElo "2170"]
[BlackElo "1900"]

1.e4 g6 2.d4 Bg7 3.Nc3 d6 4.Be3 Nf6 5.f3 Nc6 6.Qd2 h5 7.O-O-O O-O 8.Bh6 a6
9.h3 e5 10.d5 Ne7 11.g4 Kh7 12.Bg5 Qe8 13.Nge2 Rh8 14.Ng3 Kg8 15.Bd3 h4 16.Nf1 Qf8
17.Kb1 Rh7 18.Qf2 b5 19.Bxh4 b4 20.Ne2 a5 21.Bg5 Nd7 22.Be3 a4 23.Nc1 c5
24.dxc6 Nxc6 25.Bb5 Nd4 26.Bxd4 exd4 27.Ne2 Nc5 28.Nxd4 Be6 29.Ng3 Ra5 30.Bc6 Bc4
31.Bd5 Bxd5 32.exd5 Qd8 33.Qe3 Ra8 34.f4 b3 35.cxb3 axb3 36.a3 Ra6 37.Rde1 Qf6
38.Rd1 Rh8 39.g5 Qd8 40.f5 Be5 41.Nc6 Rxc6 42.dxc6 Qc8 43.fxg6 fxg6 44.Qf3 Kg7
45.Rhf1 Qe6 46.Ne2 Qc4 47.Nc3 Qe6 48.Nd5 Re8 49.Nc7 Qe7 50.Nxe8+ Qxe8 51.Qf8+ Qxf8
52.Rxf8 Kxf8 53.c7  1-0

[Event "VIII Rector Cup w"]
[Site "Kharkiv UKR"]
[Date "2006.03.29"]
[Round "2"]
[White "Kirillova,V"]
[Black "Vozovic,O"]
[Result "1/2-1/2"]
[WhiteElo "2236"]
[BlackElo "2326"]

1.e4 g6 2.d4 Bg7 3.Nc3 d6 4.g3 c6 5.a4 a5 6.Nge2 Nf6 7.Bg2 Na6 8.h3 O-O 9.O-O e5
10.Be3 Qc7 11.g4 Be6 12.f4 Bc4 13.b3 Bxe2 14.Nxe2 exd4 15.Bxd4 Rfe8 16.Nc3 Nc5
17.Bxc5 dxc5 18.e5 Rad8 19.Qf3 Nd7 20.g5 Nf8 21.Ne4 Ne6 22.c3 Re7 23.Nf6+ Bxf6
24.gxf6 Red7 25.f5 Rd3 26.Qg4 h5 27.Qe4 gxf5 28.Qxf5 Rg3 29.h4 Rd2 30.Rf2 Qd7
31.Kh2 Qd3 32.Qxd3 Rdxd3 33.Raf1 Rxc3 34.Bf3 Rg6 35.Bxh5 Rh6 36.Rg2+ Kf8
37.Rfg1 Ke8 38.Rg8+ Kd7 39.Rd1+ Kc7 40.Bxf7 Rxh4+ 41.Kg1 Nf4 42.Bc4 Nh3+
43.Kg2 Nf4+ 44.Kg1 Nh3+ 45.Kg2 Nf4+ 46.Kg1  1/2-1/2

[Event "TCh-FRA Top 16 Gp B"]
[Site "Gonfreville FRA"]
[Date "2006.03.30"]
[Round "4"]
[White "Fontaine,R"]
[Black "Taddei,B"]
[Result "1/2-1/2"]
[WhiteElo "2524"]
[BlackElo "2266"]

1.d4 g6 2.e4 Bg7 3.Nc3 d6 4.Be3 a6 5.a4 b6 6.f3 Nd7 7.Qd2 c5 8.d5 Ne5 9.h3 f5
10.f4 Nf7 11.exf5 Bxf5 12.g4 Bd7 13.Nf3 b5 14.axb5 axb5 15.Rxa8 Qxa8 16.Nxb5 Qb7
17.Qa5 Nf6 18.Nc7+ Kf8 19.Bg2 Nxd5 20.Nxd5 Qxd5 21.O-O Qe4 22.Qd2 Qa4 23.Ng5 h6
24.Nxf7 Kxf7 25.f5 gxf5 26.gxf5 Bc6 27.Bd5+ Kf8 28.b3 Qa8 29.Be6 Qe8 30.Kh2 Qh5
31.Bf4 Rh7 32.f6 Bxf6 33.Bxd6 Ke8 34.Bg4 Qf7 35.Qe2 h5 36.Bf3 Bxf3 37.Rxf3 Qg6
38.Qb5+ Kf8 39.Qb8+ Kf7 40.Rg3 Qxc2+ 41.Rg2 Qxg2+ 42.Kxg2 exd6 43.Qxd6 Be7
44.Qd5+ Kf8 45.Kf3 h4 46.Ke4 Rg7 47.Qh5 Rg5 48.Qh8+ Kf7 49.Qh7+ Kf8 50.Kf4 Rd5
51.Qc2 Rh5 52.Qe2 Rd5 53.Qg2 Rh5 54.Qb7 Rh7 55.Qc8+ Kf7 56.Qf5+ Kg8 57.Ke5 Rf7
58.Qc8+ Kh7 59.Qg4  1/2-1/2

[Event "7th ch-Euro"]
[Site "Kusadasi TUR"]
[Date "2006.04.04"]
[Round "1"]
[White "Safarli,E"]
[Black "Agrest,E"]
[Result "0-1"]
[WhiteElo "2391"]
[BlackElo "2591"]

1.e4 d6 2.d4 g6 3.Nc3 Bg7 4.g3 Nf6 5.Bg2 O-O 6.Nf3 Nbd7 7.O-O c5 8.h3 Rb8
9.a4 b6 10.Be3 a6 11.Qd2 cxd4 12.Nxd4 Bb7 13.Bh6 Nc5 14.Bxg7 Kxg7 15.Rfe1 e5
16.Nb3 Qd7 17.Qe3 Bc6 18.Nd2 Nxa4 19.Nxa4 Bxa4 20.b3 Bb5 21.c4 Bc6 22.Rxa6 Qc7
23.Rea1 Nd7 24.b4 Bb7 25.Ra7 Rfe8 26.f4 Nf6 27.Bf3 h5 28.R1a6 Nd7 29.Ra3 Rh8
30.Ra1 Rbd8 31.Nb3 Ra8 32.Rxa8 Rxa8 33.Rxa8 Bxa8 34.Nd2 Nb8 35.Qc3 Nc6 36.Nb3 Qe7
37.c5 dxc5 38.bxc5 b5 39.Qb2  0-1

[Event "4th V.Nabokov Mem"]
[Site "Kyiv UKR"]
[Date "2006.04.09"]
[Round "7"]
[White "Solomaha,A"]
[Black "Moliboga,V"]
[Result "1/2-1/2"]
[WhiteElo "2344"]
[BlackElo "2297"]

1.e4 g6 2.d4 Bg7 3.Nc3 d6 4.h3 Nf6 5.g3 O-O 6.Bg2 e5 7.Nge2 Nc6 8.Be3 exd4
9.Nxd4 Bd7 10.O-O Re8 11.Kh2 a6 12.Re1 Re5 13.g4 Re8 14.a4 Rb8 15.Kg1 Ne5
16.f4 Nc4 17.Bc1 c5 18.Nde2 b5 19.axb5 axb5 20.Qd3 Qb6 21.g5 Nh5 22.Nd5 Qb7
23.Ra2 Be6 24.Rf1 Bxd5 25.exd5 Qe7 26.Bf3 Ne3 27.Bxe3 Qxe3+ 28.Qxe3 Rxe3
29.Kf2 Ree8 30.Ra6 Red8 31.c3 b4 32.Rfa1 bxc3 33.bxc3 h6 34.h4 hxg5 35.hxg5 Bh8
36.f5 Be5 37.Bxh5 gxh5 38.Rh1 Rb2 39.Kf3 Rb3 40.Rxh5 Bxc3 41.Nxc3 Rxc3+ 42.Kf4 Rc4+
43.Kf3 Rd4 44.Ra1 Rb8 45.Rah1 Rb3+ 46.Ke2 Rb2+  1/2-1/2

[Event "32nd ch-IND w"]
[Site "Visakhapatnam IND"]
[Date "2006.04.09"]
[Round "8"]
[White "Amrutha,M"]
[Black "Harika,D"]
[Result "0-1"]
[WhiteElo "2126"]
[BlackElo "2358"]

1.e4 g6 2.d4 Bg7 3.Nc3 d6 4.f4 Nf6 5.Nf3 O-O 6.Bd3 Na6 7.O-O c5 8.d5 Bg4
9.Bc4 Nc7 10.h3 Bxf3 11.Qxf3 Nd7 12.a4 a6 13.Bd2 Rb8 14.a5 b5 15.axb6 Nxb6
16.Bxa6 Nxa6 17.Rxa6 Nc4 18.Bc1 Nxb2 19.Na4 Nxa4 20.Rxa4 Rb1 21.Qe2 Qd7 22.Qa6 Rfb8
23.Be3 R1b6 24.Qa7 Qb5 25.f5 R6b7 26.Qa6 Qxa6 27.Rxa6 Rb4 28.f6 Bxf6 29.Rxf6 exf6
30.Rxd6 Rxe4 31.Bxc5 Rc4 32.Rc6 Rd8 33.d6 Rxc2 34.d7 Rxc5 35.Rxc5 Rxd7 36.Kf2 Rd3
37.Rc6 Kg7 38.h4 f5 39.g3 Rd4 40.Kf3 Rg4 41.Ra6 h5 42.Ra7 f4 43.gxf4 Rxh4
44.Ra5 Rh3+ 45.Ke4 Rb3 46.f5 g5 47.Ra6 h4 48.Ke5 h3 49.Ra1 Re3+ 50.Kd4 Re8  0-1

[Event "Open NOR-ch"]
[Site "Oslo NOR"]
[Date "2006.04.10"]
[Round "3"]
[White "Tofte,S"]
[Black "Hagesaether,E"]
[Result "0-1"]
[WhiteElo "1963"]
[BlackElo "2226"]

1.e4 g6 2.d4 Bg7 3.Nc3 d6 4.f4 a6 5.Be3 b5 6.Nf3 Nd7 7.Be2 Bb7 8.O-O b4 9.Na4 Bxe4
10.Ng5 Bc6 11.f5 Ndf6 12.c3 Qd7 13.b3 Nh6 14.fxg6 hxg6 15.cxb4 Nd5 16.Qd2 Nxe3
17.Qxe3 Nf5 18.Rxf5 Qxf5 19.Kh1 Bh6 20.Qc3 Bxg2+ 21.Kxg2 Qxg5+ 22.Kh1 O-O
23.Rg1 Qe3 24.Bd3 e6 25.Qc2 Bg7 26.Nc3 Bxd4 27.Ne2 Bg7 28.Rg3 Qe5 29.Rh3 Rab8
30.Qc4 Qd5+  0-1

[Event "CCF Easter"]
[Site "Coulsdon ENG"]
[Date "2006.04.11"]
[Round "3"]
[White "Tavoularis,N"]
[Black "McNab,C"]
[Result "1/2-1/2"]
[WhiteElo "2193"]
[BlackElo "2437"]

1.e4 g6 2.d4 d6 3.Nc3 Bg7 4.Be3 Nf6 5.f3 c6 6.Qd2 Qa5 7.Nge2 Nbd7 8.g4 b5
9.Nd1 Qxd2+ 10.Kxd2 Nb6 11.b3 h5 12.g5 Nfd7 13.c3 e5 14.Rc1 O-O 15.Bh3 Rd8
16.Nf2 d5 17.Nd3 dxe4 18.fxe4 Re8 19.Rhd1 Bf8 20.Bg2 Bd6 21.h3 Bc7 22.Ke1 Bb7
23.Nc5  1/2-1/2

[Event "XXIX Open"]
[Site "Donostia San Sebastian ESP"]
[Date "2006.04.11"]
[Round "5"]
[White "Gonzalez de la Torre,S"]
[Black "Petrov,Marij"]
[Result "1-0"]
[WhiteElo "2317"]
[BlackElo "2427"]

1.e4 g6 2.d4 Bg7 3.Nc3 d6 4.Be3 Nf6 5.h3 O-O 6.f4 b6 7.e5 Ne8 8.Qf3 c6 9.O-O-O Nc7
10.Bd3 b5 11.g4 b4 12.Nb1 Be6 13.h4 Bd5 14.Be4 Bxe4 15.Qxe4 f5 16.gxf5 gxf5
17.Qf3 Nd5 18.Nh3 h6 19.Rdg1 Qe8 20.Rg3 Nxe3 21.Qxe3 e6 22.Rhg1 Rf7 23.Qf3 Qe7
24.Qh5 Kf8 25.Qxh6  1-0

[Event "7th ch-Euro w"]
[Site "Kusadasi TUR"]
[Date "2006.04.12"]
[Round "8"]
[White "Burtasova,A"]
[Black "Zielinska,Mar"]
[Result "1-0"]
[WhiteElo "2274"]
[BlackElo "2398"]

1.e4 g6 2.d4 Bg7 3.Nc3 d6 4.f4 a6 5.Nf3 e6 6.Bd3 Ne7 7.O-O b5 8.e5 Bb7 9.a4 b4
10.Ne4 a5 11.c3 Ba6 12.Bb5+ Kf8 13.Qe1 Nbc6 14.Nf6 Bb7 15.Ng5 Bxf6 16.exf6 Ng8
17.d5 exd5 18.f5 Ne5 19.Ne6+ fxe6 20.fxe6 h6 21.e7+ Nxe7 22.fxe7+ Kxe7 23.Qh4+ Ke6
24.Qh3+ Ke7 25.Bxh6 Rxh6 26.Qxh6 Qh8 27.Qg5+ Ke6 28.Rae1 Rf8 29.Qg4+ Rf5
30.Qxg6+ Rf6 31.Rxf6+ Qxf6 32.Qe8+ Qe7 33.Bd7+  1-0

[Event "KB Bank"]
[Site "Reykjavik ISL"]
[Date "2006.04.12"]
[Round "1"]
[White "Bjornsson,Si"]
[Black "Johannesson,I"]
[Result "1-0"]
[WhiteElo "2335"]
[BlackElo "2269"]

1.e4 g6 2.d4 Bg7 3.Nc3 d6 4.Be2 a6 5.h4 h6 6.h5 g5 7.f4 gxf4 8.Bxf4 Nc6 9.Nf3 Nxd4
10.Nxd4 e5 11.Be3 exd4 12.Bxd4 Rh7 13.Qd3 Bxd4 14.Qxd4 Qg5 15.Nd5 Qg3+ 16.Kd2 Qg5+
17.Kc3 Kf8 18.Raf1 Be6 19.Nf4 Ke7 20.Bc4 Kd7 21.Bd5 Ne7 22.Rf3 Bg4 23.Rf2 c6
24.Bc4 c5 25.Qe3 Qe5+ 26.Kd2 b5 27.Nd3 Qh8 28.Bxf7 c4 29.Qf4 Bf5 30.exf5 Rxf7
31.Qe4 Kc7 32.Nf4 Nc6 33.Nd5+ Kb7 34.f6 Re8 35.Ne7 Rexe7 36.fxe7 Rxf2+ 37.Ke1  1-0

[Event "10th Neckar Open A"]
[Site "Deizisau GER"]
[Date "2006.04.13"]
[Round "1"]
[White "Shengelia,D"]
[Black "Gebhardt,Uw"]
[Result "1-0"]
[WhiteElo "2556"]
[BlackElo "2154"]

1.d4 g6 2.e4 Bg7 3.Nc3 d6 4.Nge2 c6 5.g3 Nd7 6.Bg2 e5 7.Be3 Ne7 8.Qd2 Nb6
9.b3 O-O 10.Bh6 Bg4 11.f3 Be6 12.Bxg7 Kxg7 13.f4 exf4 14.Nxf4 d5 15.O-O Qd7
16.Rae1 Rad8 17.e5 Na8 18.Nd1 Nc7 19.Ne3 Ng8 20.Nxe6+ fxe6 21.Bh3 Qe7 22.Ng2 Rxf1+
23.Rxf1 Rf8 24.Rxf8 Qxf8 25.Nf4 Kf7 26.Qa5 Qb8 27.Qb4 Ne7 28.Nd3 Qc8 29.Qd2 b6
30.Qf4+ Kg8 31.Qf6 Nf5 32.Bxf5 gxf5 33.Qe7 c5 34.Nf4 cxd4 35.Nh5 Ne8 36.Nf6+ Nxf6
37.exf6 Qf8 38.Qxe6+ Qf7 39.Qc8+ Qf8 40.Qxf5  1-0

[Event "17th Pobeskydi Hamont Cup"]
[Site "Frydek Mistek CZE"]
[Date "2006.04.14"]
[Round "3"]
[White "Ponizil,C"]
[Black "Bromann,T"]
[Result "0-1"]
[WhiteElo "2198"]
[BlackElo "2384"]

1.e4 g6 2.d4 Bg7 3.Nc3 d6 4.Be3 a6 5.Qd2 b5 6.f3 Nd7 7.Nge2 c5 8.g4 cxd4
9.Nxd4 Bb7 10.O-O-O Rc8 11.h4 h5 12.gxh5 Rxh5 13.Bg5 Nb6 14.Nce2 Nc4 15.Qb4 Qb6
16.b3 Ne5 17.Be3 Qc5 18.Qd2 Qa3+ 19.Kb1 Nxf3 20.Qd3 Ne5 21.Qd2 Bxe4  0-1

[Event "17th Pobeskydi Radegast Cup"]
[Site "Frydek Mistek CZE"]
[Date "2006.04.14"]
[Round "4"]
[White "Pecha,T"]
[Black "Zochowski,P"]
[Result "0-1"]
[WhiteElo "1939"]
[BlackElo "2059"]

1.e4 g6 2.d4 Bg7 3.Nc3 d6 4.g3 Nf6 5.Bg2 O-O 6.Nge2 e5 7.h3 Nbd7 8.Be3 Nb6
9.b3 exd4 10.Bxd4 Be6 11.O-O c6 12.f4 d5 13.f5 gxf5 14.exf5 Bd7 15.g4 h6
16.Qd2 Nh7 17.Bxg7 Kxg7 18.Nf4 Nf6 19.Nce2 Kh7 20.Ng3 Qe7 21.Kh2 Qd6 22.Kh1 c5
23.Nfh5 Bc6 24.Nxf6+ Qxf6 25.Nh5 Qd6 26.f6 Rae8 27.Ng7 Re5 28.Rae1 d4 29.Rxe5 Qxe5
30.Rf5 Qg3 31.Bxc6 Qxh3+ 32.Kg1 bxc6 33.Rh5 Qxg4+ 34.Kh2 Qg6 35.Rh3 Rg8 36.Qd3 Qxd3
37.cxd3 Nd5 38.Nf5 Rg6 39.Ne7 Nxe7 40.fxe7 Re6 41.Rh5 Rxe7 42.Rxc5 Re2+  0-1

[Event "7th ch-Euro w"]
[Site "Kusadasi TUR"]
[Date "2006.04.14"]
[Round "10"]
[White "Bulmaga,I"]
[Black "Norinkeviciute,R"]
[Result "1/2-1/2"]
[WhiteElo "2088"]
[BlackElo "2073"]

1.e4 d6 2.d4 g6 3.Nc3 Bg7 4.Be3 a6 5.f4 e6 6.Nf3 Ne7 7.Be2 Nd7 8.O-O b5 9.a3 O-O
10.Qe1 h6 11.Rd1 Bb7 12.Qg3 Nf6 13.Bd3 Nh5 14.Qh3 f5 15.e5 Qe8 16.Qh4 Kh7
17.h3 Bxf3 18.Rxf3 Bh8 19.g4 Ng7 20.Rf2 Qf7 21.Be2 d5 22.Na2 Rfc8 23.Nc1 Ne8
24.Nb3 Bg7 25.Rg2 Bf8 26.Nc5 Ng7 27.Qf6 Kg8 28.Qh4 Kh7 29.Nd7 Ng8 30.Nxf8+ Qxf8
31.g5 h5 32.Rd3 Ne7 33.Rc3 Qe8 34.Rc5 c6 35.Bd2 Qd7 36.Qe1 Qb7 37.Ba5 Rh8
38.h4 Rac8 39.Rg3 Ne8 40.Qd1 Nc7 41.Bb4 Na8 42.Rcc3 Nb6 43.b3 Kg7 44.Rce3 Kf7
45.Qd2 Nd7 46.Bc5 Qc7 47.Rc3 Nxc5 48.Rxc5 Qb7 49.Qb4 Rc7 50.Rcc3 Nc8 51.a4 Nb6
52.Qa5 Rhc8 53.axb5 axb5 54.Qb4 Ra8 55.Qd6 Nc8 56.Qb4 Nb6  1/2-1/2

[Event "Open NOR-ch"]
[Site "Oslo NOR"]
[Date "2006.04.14"]
[Round "7"]
[White "Reppen,S"]
[Black "Hagesaether,E"]
[Result "1/2-1/2"]
[WhiteElo "2043"]
[BlackElo "2226"]

1.e4 d6 2.d4 g6 3.Nc3 Bg7 4.f4 a6 5.Nf3 b5 6.Bd3 Nd7 7.O-O c5 8.dxc5 Nxc5
9.Qe2 Nxd3 10.cxd3 e6 11.Be3 Nf6 12.Kh1 O-O 13.Rac1 Bb7 14.Rc2 Qd7 15.Rfc1 b4
16.Nd1 Rfc8 17.b3 Rxc2 18.Rxc2 Rc8 19.Nb2 Rxc2 20.Qxc2 Qc6 21.Qxc6 Bxc6 22.Nd4 Ba8
23.h3 Nh5 24.Kh2 Nxf4 25.Bxf4 Bxd4 26.Nc4 d5 27.exd5 Bxd5 28.Bd6 Bc3 29.Ne3 Bc6
30.Nc2 Bb5 31.Nxb4 a5 32.a4 Bxb4 33.Bxb4 Bxd3 34.Bxa5 Bc2 35.Bc3 Bxb3 36.a5 Bc4
37.Bf6 h6 38.h4 Kf8 39.Kg3 Ke8 40.Kf4 Kd7 41.Ke5 Kc6 42.Bg7 h5  1/2-1/2

[Event "32nd ch-IND w"]
[Site "Visakhapatnam IND"]
[Date "2006.04.14"]
[Round "14"]
[White "Soumya,S"]
[Black "Harika,D"]
[Result "1/2-1/2"]
[WhiteElo "2156"]
[BlackElo "2358"]

1.e4 g6 2.d4 Bg7 3.Nc3 d6 4.Be3 a6 5.Qd2 b5 6.a4 b4 7.Nd1 a5 8.c3 Nf6 9.f3 O-O
10.cxb4 axb4 11.Qxb4 Nfd7 12.Qd2 Nc6 13.b4 e5 14.Ne2 exd4 15.Nxd4 Nxb4 16.Qxb4 c5
17.Qd2 cxd4 18.Bxd4 Ne5 19.Bb5 Bb7 20.O-O d5 21.Qb2 Qb8 22.exd5 Bxd5 23.f4 Nc4
24.Qc3 Bxd4+ 25.Qxd4 Qa7 26.Qxa7 Rxa7 27.Nc3 Be6 28.f5 gxf5 29.Bxc4 Bxc4
30.Rxf5 Rd8 31.Rc5 Be6  1/2-1/2

[Event "Foxwoods Open"]
[Site "Ledyards USA"]
[Date "2006.04.15"]
[Round "6"]
[White "Hess,Ro"]
[Black "Weeramantry,S"]
[Result "1-0"]
[WhiteElo "2354"]
[BlackElo "2207"]

1.e4 d6 2.d4 g6 3.Nc3 Bg7 4.Be2 Nf6 5.h4 h5 6.Bg5 c6 7.Qd2 b5 8.a3 Nbd7 9.Rd1 Qc7
10.Nf3 O-O 11.O-O a5 12.b4 Nb6 13.e5 axb4 14.axb4 Nfd5 15.Nxd5 Nxd5 16.c4 bxc4
17.Bxc4 Nb6 18.Bb3 d5 19.Rc1 Ba6 20.Rfe1 Bc4 21.Bc2 e6 22.Bf6 Nd7 23.Qg5 Rfb8
24.g4 hxg4 25.Nh2 g3 26.fxg3 Ra3 27.Bxg7 Kxg7 28.h5 Qd8 29.Qg4 g5 30.h6+ Kh8
31.Nf3 f5 32.exf6 Qxf6 33.Ne5 Nxe5 34.dxe5 Qf3 35.Qxf3 Rxf3 36.Kg2 Rbf8 37.Bg6 Rf2+
38.Kh3 Rb2 39.Ra1 Rxb4 40.Ra7 Rb3 41.Rea1  1-0

[Event "32nd ch-IND w"]
[Site "Visakhapatnam IND"]
[Date "2006.04.15"]
[Round "16"]
[White "Kavitha,J"]
[Black "Harika,D"]
[Result "1/2-1/2"]
[WhiteElo "2126"]
[BlackElo "2358"]

1.e4 g6 2.d4 Bg7 3.Nc3 d6 4.Be3 a6 5.Qd2 Nd7 6.f3 b5 7.Nh3 Bb7 8.Be2 c5 9.Nd1 Rc8
10.c3 Qa5 11.Nhf2 Ngf6 12.O-O cxd4 13.Bxd4 O-O 14.a4 bxa4 15.b4 Qc7 16.Rxa4 Nb6
17.Ra3 Nc4 18.Bxc4 Qxc4 19.Nb2 Qc6 20.c4 h5 21.Nfd1 Nd7 22.Bxg7 Kxg7 23.Ne3 Qb6
24.c5 dxc5 25.Qxd7 cxb4 26.Rb3 a5 27.Qxe7 Ba6 28.Re1 Rfe8 29.Qg5 Bb5 30.Kh1 Rc5
31.Nd5 Qc6 32.Rg1 Qd6 33.Qd2 Qe5 34.Nd3 Qd4 35.Qb2 Qxb2 36.Nxb2 Ra8 37.Nb6 Rb8
38.Nd5 Ra8 39.Nb6 Rb8  1/2-1/2

[Event "17th Pobeskydi Arcimpex Cup"]
[Site "Frydek Mistek CZE"]
[Date "2006.04.16"]
[Round "7"]
[White "Jakubek,P"]
[Black "Meszaros,Mi"]
[Result "0-1"]
[WhiteElo "2244"]
[BlackElo "2362"]

1.d4 g6 2.e4 Bg7 3.Nc3 d6 4.Be3 a6 5.Bd3 Nd7 6.Nge2 b5 7.a4 b4 8.Na2 c5 9.c3 bxc3
10.Naxc3 cxd4 11.Nxd4 Bb7 12.Bc4 Ne5 13.Ba2 Nf6 14.f4 Neg4 15.Bg1 O-O 16.h3 Nh6
17.Qe2 Nh5 18.Qf3 Nxf4 19.Qxf4 e5 20.Qd2 exd4 21.Bxd4 Qh4+ 22.Bf2 Bxc3 23.bxc3 Qxe4+
24.Kd1 Qxg2 25.Rg1 Qf3+ 26.Kc1 Nf5 27.Rb1 Rfe8 28.Rb4 Re2 29.Bxf7+ Kxf7 30.Rxb7+ Kg8
31.Qd1 Rc8 32.Qb3+ d5 33.Rb8 Qf4+  0-1

[Event "17th Pobeskydi Hamont Cup"]
[Site "Frydek Mistek CZE"]
[Date "2006.04.16"]
[Round "7"]
[White "Zapolskis,A"]
[Black "Bromann,T"]
[Result "1-0"]
[WhiteElo "2370"]
[BlackElo "2384"]

1.e4 g6 2.d4 Bg7 3.Nc3 d6 4.Be3 a6 5.Qd2 b5 6.a4 b4 7.Na2 a5 8.c3 bxc3 9.Nxc3 Nd7
10.Rc1 Bb7 11.d5 Ngf6 12.f3 O-O 13.Nb5 Ne8 14.Ne2 Ne5 15.Ned4 Qd7 16.Be2 c6
17.dxc6 Nxc6 18.Nxc6 Bxc6 19.O-O Qb7 20.Rc2 Nf6 21.Rfc1 Rfc8 22.b3 d5 23.e5 Ne8
24.f4 g5 25.g3 gxf4 26.gxf4 e6 27.Nd4 Bd7 28.Rxc8 Bxc8 29.Bb5 Bd7 30.Nc6  1-0

[Event "7th ch-Euro t/b"]
[Site "Kusadasi TUR"]
[Date "2006.04.16"]
[Round "3.3"]
[White "Izoria,Z"]
[Black "Inarkiev,E"]
[Result "1-0"]
[WhiteElo "2647"]
[BlackElo "2602"]

1.d4 g6 2.e4 Bg7 3.Nc3 d6 4.Be3 Nd7 5.f4 a6 6.Nf3 b5 7.Bd3 Bb7 8.e5 c5 9.Be4 Qc8
10.dxc5 dxe5 11.Bxb7 Qxb7 12.Qd5 Qxd5 13.Nxd5 O-O-O 14.O-O-O e6 15.Nb6+ Nxb6
16.Rxd8+ Kxd8 17.cxb6 exf4 18.Bxf4 Kc8 19.Rd1 Nf6 20.Be5 Rg8 21.Ng5 Ng4 22.Bxg7 Rxg7
23.Ne4 Ne3 24.Nd6+ Kb8 25.Rd3 Nd5 26.Ra3 Nxb6 27.Rxa6 Nd7 28.Nxb5 g5 29.Ra7 Ne5
30.a4 Rg6 31.a5 Nc6 32.Ra6 Ne7 33.Rb6+ Ka8 34.Nc7+ Ka7 35.Nb5+ Ka8 36.a6 Nd5
37.Rb7 Rg8 38.Ra7+ Kb8 39.Rb7+ Ka8 40.c4 Rc8 41.Ra7+ Kb8 42.Ra8+ Kxa8 43.b3 Rc6  1-0

[Event "XIII TCh-RUS"]
[Site "Sochi RUS"]
[Date "2006.04.20"]
[Round "1"]
[White "Nikolenko,O"]
[Black "Romanov,E"]
[Result "1/2-1/2"]
[WhiteElo "2536"]
[BlackElo "2480"]

1.e4 g6 2.d4 Bg7 3.Nc3 d6 4.Nf3 a6 5.Be2 b5 6.O-O Bb7 7.Re1 e6 8.d5 e5 9.a4 b4
10.Na2 c5 11.c3 a5 12.Bb5+ Nd7 13.Nd2 Nf6 14.Nc4 Qc7 15.Bg5 Ba6 16.cxb4 Bxb5
17.axb5 axb4 18.Bxf6 Bxf6 19.Qd3 Ke7 20.Reb1 Qb7 21.Nc1 Qxb5 22.Nxe5  1/2-1/2

[Event "XIII TCh-RUS 1st League"]
[Site "Sochi RUS"]
[Date "2006.04.21"]
[Round "2"]
[White "Bryzgalin,K"]
[Black "Tseshkovsky,V"]
[Result "0-1"]
[WhiteElo "2473"]
[BlackElo "2572"]

1.e4 d6 2.d4 g6 3.Nc3 Bg7 4.g3 Nc6 5.Be3 Nf6 6.h3 e5 7.Nge2 O-O 8.Bg2 exd4
9.Nxd4 Bd7 10.O-O Re8 11.Re1 h5 12.Nde2 Qc8 13.Nf4 Ne5 14.b3 Nh7 15.Bd2 c6
16.a4 a5 17.Rb1 Ng5 18.Kh2 Qd8 19.Nd3 Nxd3 20.cxd3 Ne6 21.Ne2 h4 22.Rf1 Rb8
23.g4 d5 24.f4 dxe4 25.dxe4 c5 26.Be3 Bc6 27.e5 g5 28.Bxc6 bxc6 29.Kg1 Qxd1
30.Rfxd1 gxf4 31.Nxf4 Nxf4 32.Bxf4 Bxe5 33.Be3 Bd4 34.Bxd4 cxd4 35.Rxd4 Re3
36.Kg2 Rc3 37.g5 c5 38.Rxh4 c4 39.Kf2 cxb3 40.Ke2 Kg7 41.Rd4 Rxh3 42.Rd5 Rc8  0-1